<?xml version="1.0" encoding="UTF-8"?>
<record
    xmlns:xsi="http://www.w3.org/2001/XMLSchema-instance"
    xsi:schemaLocation="http://www.loc.gov/MARC21/slim http://www.loc.gov/standards/marcxml/schema/MARC21slim.xsd"
    xmlns="http://www.loc.gov/MARC21/slim">

  <leader>00708nam a2200157Ia 4500</leader>
  <controlfield tag="008">120622s9999    xx            000 0 und d</controlfield>
  <datafield tag="020" ind1=" " ind2=" ">
    <subfield code="a">970-768-006-7</subfield>
  </datafield>
  <datafield tag="082" ind1=" " ind2=" ">
    <subfield code="a">363.23 B278g</subfield>
  </datafield>
  <datafield tag="100" ind1=" " ind2=" ">
    <subfield code="a">Barr&#xF3;n Cruz, Mart&#xED;n Gabriel, 1963-</subfield>
  </datafield>
  <datafield tag="245" ind1=" " ind2=" ">
    <subfield code="a">Guardia nacional y polic&#xED;a preventiva : dos problemas de seguridad en M&#xE9;xico / Mart&#xED;n Gabriel Barr&#xF3;n Cruz, Carlos Silva, Jos&#xE9; Arturo Y&#xE1;&#xF1;ez Romero</subfield>
  </datafield>
  <datafield tag="260" ind1=" " ind2=" ">
    <subfield code="a">M&#xE9;xico : Instituto Nacional de Ciencias Penales</subfield>
  </datafield>
  <datafield tag="300" ind1=" " ind2=" ">
    <subfield code="a">155 p</subfield>
  </datafield>
  <datafield tag="500" ind1=" " ind2=" ">
    <subfield code="a">Incluye bibliograf&#xED;a</subfield>
  </datafield>
  <datafield tag="650" ind1=" " ind2=" ">
    <subfield code="a">1. POLIC&#xCD;A - M&#xC9;XICO \ 2. SEGURIDAD POLICIACA - M&#xC9;XICO \3.  SEGURIDAD NACIONAL - M&#xC9;XICO</subfield>
  </datafield>
  <datafield tag="700" ind1=" " ind2=" ">
    <subfield code="a">I. Silva, Carlos ; coaut. \ II.Y&#xE1;&#xF1;ez Romero, Jos&#xE9; Arturo ; coaut.&#xCC;</subfield>
  </datafield>
  <datafield tag="952" ind1=" " ind2=" ">
    <subfield code="0">0</subfield>
    <subfield code="1">0</subfield>
    <subfield code="4">0</subfield>
    <subfield code="7">0</subfield>
    <subfield code="a">01</subfield>
    <subfield code="b">01</subfield>
    <subfield code="d">2009-02-27</subfield>
    <subfield code="l">0</subfield>
    <subfield code="o">363.23 B278G</subfield>
    <subfield code="p">01 010857</subfield>
    <subfield code="r">2012-06-24</subfield>
    <subfield code="t">1</subfield>
    <subfield code="w">2012-06-24</subfield>
    <subfield code="y">LB</subfield>
  </datafield>
  <datafield tag="999" ind1=" " ind2=" ">
    <subfield code="c">60732</subfield>
    <subfield code="d">60732</subfield>
  </datafield>
</record>
